عرض عادي عرض مارك
  • Morton, James,

مدخل إسم شخص

عدد التسجيلات المستخدمة في: 1

001 - رقم الضبط

  • حقل الضبط: 38043

003 - معرف رقم الضبط

  • حقل الضبط: OSt

005 - تاريخ ووقت أخر عملية

  • حقل الضبط: 20131020144343.0

008 - عناصر بيانات ثابتة الطول

  • حقل تحكم ثابت الطول: 131020|||a|||||| | ||| d

040 ## - مصدر الفهرسة

  • هيئة الفهرسة الأصلية: OSt
  • وكالة الكتابة: OSt

100 ## - مدخل -- أسم شخص

  • إسم شخص: Morton, James,
  • تواريخ مرتبطة بالاسم: 1982-

670 ## - بيانات المصدر موجوده

  • الاستشهاد بالمصدر: Work cat.: (OSt)0: MacLaren, D. (Don) 38038, Biochemistry for sport and exercise metabolism /, 2012.